Análisis y diseño de sistemas de información. (Registro nro. 10333)
[ vista simple ]
| 000 -LEADER | |
|---|---|
| fixed length control field | 00680nam a2200229 a 4500 |
| 001 - CONTROL NUMBER | |
| control field | 10333 |
| 005 - DATE AND TIME OF LATEST TRANSACTION | |
| control field | 20190709145453.0 |
| 008 - FIXED-LENGTH DATA ELEMENTS--GENERAL INFORMATION | |
| fixed length control field | 140415s1992 000 0 spa d |
| 020 ## - INTERNATIONAL STANDARD BOOK NUMBER | |
| International Standard Book Number | 9684229917 |
| 041 ## - LANGUAGE CODE | |
| Language code of text/sound track or separate title | spa |
| 082 ## - DEWEY DECIMAL CLASSIFICATION NUMBER | |
| Classification number | 004.21 |
| Item number | SEN |
| 100 1# - MAIN ENTRY--PERSONAL NAME | |
| Personal name | Senn, James A. |
| Relator term | autor |
| 245 10 - TITLE STATEMENT | |
| Title | Análisis y diseño de sistemas de información. |
| 250 ## - EDITION STATEMENT | |
| Edition statement | Segunda edición |
| 264 ## - PRODUCTION, PUBLICATION, DISTRIBUTION, MANUFACTURE, AND COPYRIGHT NOTICE | |
| Place of production, publication, distribution, manufacture | México : |
| Name of producer, publisher, distributor, manufacturer | Mc GRaw Hill , |
| Date of production, publication, distribution, manufacture, or copyright notice | 1992 |
| 300 ## - PHYSICAL DESCRIPTION | |
| Extent | 942 Páginas ; |
| Dimensions | 25 cm. |
| 336 ## - CONTENT TYPE | |
| Content type term | texto |
| Source | rdacontent |
| 337 ## - MEDIA TYPE | |
| Media type term | sin mediación |
| Source | rdamedia |
| 338 ## - CARRIER TYPE | |
| Carrier type term | volumen |
| Source | rdacarrier |
| 650 14 - SUBJECT ADDED ENTRY--TOPICAL TERM | |
| Topical term or geographic name entry element | Análisis de información |
| General subdivision | Análisis de sistemas |
| 700 1# - ADDED ENTRY--PERSONAL NAME | |
| Personal name | Urbina Medal, Edmundo Gerardo |
| Relator term | tr. |
| Withdrawn status | Lost status | Source of classification or shelving scheme | Damaged status | Not for loan | Collection code | Home library | Current library | Shelving location | Date acquired | Source of acquisition | Total Checkouts | Full call number | Barcode | Price effective from | Koha item type | Inventory number | Date last seen | Date last checked out |
|---|---|---|---|---|---|---|---|---|---|---|---|---|---|---|---|---|---|---|
| Dewey Decimal Classification | General | Biblioteca Karol Wojtyla | Biblioteca Karol Wojtyla | Sala general | 03/12/2013 | Compra | 2 | '004.21 SEN | 28530 | 03/12/2013 | Libro | 151000000000000000065119 | 05/01/2026 | 30/09/2022 | ||||
| Dewey Decimal Classification | General | Biblioteca Karol Wojtyla | Biblioteca Karol Wojtyla | Sala general | 03/12/2013 | Compra | '004.21 SEN | 28403 | 25/01/2016 | Libro | 151000000000000000065121 | 05/01/2026 | 25/01/2018 | |||||
| Descarte | Dewey Decimal Classification | Biblioteca Karol Wojtyla | Biblioteca Karol Wojtyla | 03/12/2013 | Compra | '004.21 SEN | 25309 | 03/12/2013 | Libro | |||||||||
| Dewey Decimal Classification | General | Santiago | Santiago | Sala general | 27/04/2018 | Compra | 004.21 SEN 1992 | 800069 | 27/04/2018 | Libro | ||||||||
| Dewey Decimal Classification | General | Tehuacán | Tehuacán | Sala general | 12/07/2016 | Compra | 004.21 SEN 1992 | 502885 | 12/07/2016 | Libro | ||||||||
| Descarte | Dewey Decimal Classification | General | Tehuacán | Tehuacán | Sala general | 03/12/2013 | Compra | '004.21 SEN | 29458 | 03/12/2013 | Libro | |||||||
| Dewey Decimal Classification | General | Tehuacán | Tehuacán | Sala general | 03/12/2013 | Compra | '004.21 SEN | 25168 | 12/07/2016 | Libro | ||||||||
| Descarte | Dewey Decimal Classification | General | Tehuacán | Tehuacán | Sala general | 03/12/2013 | Compra | 005.61 KEN 1997 | 500878 | 17/06/2016 | Libro |